Les français à Roland-Garros (2010-....) - Statistiques

Statistiques générales
  • Ce quiz a été pris 196 fois
    37 depuis la dernière actualisation
  • Le résultat moyen est 16 sur 62
Statistiques - réponses
Nb de participations Tennisman Meilleur tour Dernier(s) adversaire(s) à ce tour % Correct
14 Gaël Monfils Quart de finale Roger Federer/Andy Murray
100%
11 Jo-Wilfrid Tsonga Demi-finale David Ferrer/Stanislas Wawrinka
97%
16 Richard Gasquet Quart de finale Andy Murray
94%
3 Arthur Fils Troisième tour forfait
88%
12 Gilles Simon Huitième de finale Söderling/Federer/Wawrinka
78%
8 Corentin Moutet Huitième de finale Jannik Sinner
75%
6 Arthur Rinderknech Deuxième tour Taylor Fritz/Tomas Martin Etcheverry
72%
6 Hugo Gaston Huitième de finale Dominic Thiem
69%
7 Ugo Humbert Deuxième tour Sonego/Fearnley
69%
14 Benoît Paire Huitième de finale Kei Nishikori
63%
10 Lucas Pouille Troisième tour Albert Ramos-Vinolas/Karen Khachanov
56%
14 Adrian Mannarino Deuxième tour Garcia-Lopez/Raonic/Monfils
53%
2 Luca Van Assche Deuxième tour Alejandro Davidovich Fokina
53%
9 Pierre-Hugues Herbert Troisième tour John Isner
50%
10 Nicolas Mahut Troisième tour Federer/Simon/L. Mayer
44%
5 Alexandre Müller Deuxième tour Matteo Arnaldi
41%
4 Arthur Cazaux Premier tour Majchrzak/Moutet/Etcheverry/Tabilo
38%
3 Giovanni Mpetshi Perricard Deuxième tour Damir Dzumhur
38%
8 Julien Benneteau Troisième tour Janko Tipsarevic/Roger Federer
38%
8 Quentin Halys Troisième tour Holger Rune
38%
3 Arnaud Clément Deuxième tour Michael Berrer/David Goffin
34%
12 Jérémy Chardy Huitième de finale Andy Murray
34%
2 Térence Atmane Premier tour Sebastian Ofner/Richard Gasquet
34%
7 Paul-Henri Mathieu Troisième tour Marcel Granollers
31%
1 Valentin Royer Premier tour Daniel Elahi Galan
28%
5 Michaël Llodra Deuxième tour Tomas Berdych/Milos Raonic
25%
5 Benjamin Bonzi Deuxième tour Albert Ramos-Vinolas/Jannik Sinner
22%
1 Kylian Jacquet Premier tour Nuno Borges
19%
2 Laurent Lokoli Premier tour Steve Johnson/Martin Klizan
16%
1 Clément Tabur Premier tour Corentin Moutet
13%
6 Edouard Roger-Vasselin Deuxième tour Berdych/del Potro/Almagro
13%
8 Gregoire Barrère Deuxième tour Karen Khachanov/John Isner
13%
1 Hugo Grenier Premier tour Marton Fucsovics
13%
2 Harold Mayot Premier tour Davidovich Fokina/Korda
9%
2 Antoine Hoang Troisième tour Gaël Monfils
6%
3 Kenny de Schepper Deuxième tour Tommy Robredo
6%
1 Olivier Patience Premier tour Thiemo de Bakker
6%
1 Ugo Blanchet Premier tour Hugo Gaston
6%
1 Albano Olivetti Premier tour Jan-Lennard Struff
3%
1 Geoffrey Blancaneaux Premier tour Marton Fucsovics
3%
1 Gianni Mina Premier tour Rafael Nadal
3%
3 Marc Gicquel Premier tour Riba/Montanes/Verdasco
3%
3 Mathias Bourgue Deuxième tour Andy Murray
3%
2 Maxime Teixeira Deuxième tour Roger Federer
3%
1 Nicolas Devilder Troisième tour Novak Djokovic
3%
1 Augustin Gensse Premier tour Stanislas Wawrinka
0%
1 Axel Michon Deuxième tour Kevin Anderson
0%
1 Calvin Hemery Premier tour Diego Schwartzman
0%
2 Constant Lestienne Premier tour Karen Khachanov/Roberto Carballes Baena
0%
2 David Guez Premier tour David Ferrer/Serhiy Stakhovsky
0%
1 Enzo Couacaud Deuxième tour Pablo Carreno Busta
0%
2 Eric Prodon Premier tour Andy Murray/Horacio Zeballos
0%
4 Florent Serra Deuxième tour Fernando Verdasco/Lukasz Kubot
0%
3 Guillaume Rufin Deuxième tour Gaël Monfils
0%
1 Jonathan Dasnières de Veigy Premier tour Juan Carlos Ferrero
0%
1 Josselin Ouanna Deuxième tour Jo-Wilfrid Tsonga
0%
1 Laurent Recouderc Premier tour Robin Söderling
0%
1 Manuel Guinard Premier tour Cameron Norrie
0%
2 Maxime Hamou Premier tour Jerzy Janowicz/Pablo Cuevas
0%
3 Maxime Janvier Premier tour Nishikori/Cuevas/Gaston
0%
6 Stéphane Robert Deuxième tour Fabio Fognini/Alexander Zverev
0%
1 Vincent Millot Premier tour Maxime Teixeira
0%
Aucun quiz correspondant
Distribution des résultats
% des personnes avec chaque résultat
Percentile par nombre de réponses
Votre historique - résultats
Vous n’avez pas pris ce quiz depuis la dernière actualisation